Personajes de ficción por imagen - J - Estadísticas

Estadísticas generales
  • Esta prueba ha sido intentada 2.573 veces
  • La puntuación promedio es 13 de 20
Estadísticas de respuestas
Imagen Respuesta % Correcto
Jack Skeleton
98%
Jack Sparrow
97%
Jerry
97%
El Joker
95%
Jasmín
94%
Jimmy Neutrón
73%
Jake
70%
John Wick
68%
Jafar
65%
Jorge el Curioso
65%
Jessie
63%
Jason Voorhees
59%
Jigglypuff
54%
Jabba el Hutt
53%
Joey Tribbiani
53%
James Bond
49%
Jigsaw
40%
Jar Jar Binks
39%
Jinx
32%
Julieta Capuleto
25%
No se encontraron pruebas coincidentes
Distribución de puntuación
Porcentaje de gente con cada puntuación
Porcentaje por número respondido
Historial de tus puntuaciones
No has intentado esta prueba.